000 00360nam a2200133Ia 4500
005 20260328101523.0
008 260328s9999||||xx |||||||||||||| ||und||
100 _aMontaño, Jorge
245 0 _aLos Pobres de la Ciudad en los Asentamientos espontáneos /
_cJorge Montaño
260 _bSiglo Veintiuno
300 _a224 p.
650 _aURBANISMO
942 _cBK
999 _c9682
_d9682